John Williams Filmography - Statistics

General Stats
  • This quiz has been taken 64 times
  • The average score is 28 of 259
Answer Stats
Type Year Name % Correct
Film Composer 1977 Star Wars
94%
Film Composer 1982 E.T. the Extra-Terrestrial
72%
Film Composer 1983 Return of the Jedi
72%
Film Composer 1980 The Empire Strikes Back
72%
TV Show Composer 1962-1963 Empire
69%
Film Composer 2005 Star Wars: Episode III - Revenge of the Sith
69%
Film Composer 1999 Star Wars: Episode I - The Phantom Menace
69%
Film Composer 2001 Harry Potter and the Philosopher's Stone
66%
Film Composer 1975 Jaws
66%
Film Composer 2002 Star Wars: Episode II - Attack of the Clones
66%
Film Composer 1993 Schindler's List
63%
Film Composer 1993 Jurassic Park
59%
Film Composer 1981 Raiders of the Lost Ark
59%
Film Composer 2015 Star Wars: The Force Awakens
59%
Film Composer 2017 Star Wars: The Last Jedi
59%
Film Composer 2002 Harry Potter and the Chamber of Secrets
56%
Film Composer 1984 Indiana Jones and the Temple of Doom
56%
Film Composer 2019 Star Wars: The Rise of Skywalker
56%
Film Cameo 2019 Star Wars: The Rise of Skywalker
56%
Film Composer 1989 Indiana Jones and the Last Crusade
50%
Film Composer 2004 Harry Potter and the Prisoner of Azkaban
44%
Film Composer 2008 Indiana Jones and the Kingdom of the Crystal Skull
44%
Film Composer 1998 Saving Private Ryan
44%
Film Composer 2002 Catch Me If You Can
41%
Film Composer 1990 Home Alone
41%
Film Composer 1977 Close Encounters of the Third Kind
38%
Film Composer 2023 Indiana Jones and the Dial of Destiny
38%
Film Composer 2011 The Adventures of Tintin
38%
Film Composer 2016 The BFG
38%
Film Composer 2022 The Fabelmans
34%
Film Composer 1997 The Lost World: Jurassic Park
34%
Film Composer 1992 Home Alone 2: Lost in New York
31%
Film Composer 1991 Hook
31%
Film Composer 1978 Superman
31%
Film Composer 1974 The Sugarland Express
31%
Film Composer 2011 War Horse
31%
Film Composer 2005 War of the Worlds
31%
Film Composer 1979 1941
28%
Film Composer 1987 Empire of the Sun
28%
Film Composer 2002 Minority Report
28%
Film Composer 2005 Munich
28%
Film Composer 2004 The Terminal
28%
Film Composer 2001 A.I. Artificial Intelligence
25%
Film Composer 1997 Amistad
25%
Film Composer 1978 Jaws 2
25%
Film Composer 2012 Lincoln
25%
Film Composer 2017 The Post
25%
Film Composer 1971 Fiddler on the Roof
22%
Film Composer 2018 Solo: A Star Wars Story
22%
Award Show Musical Director 1976 48th Academy Awards
19%
Film Composer 1989 Always
19%
Short Film Composer 2017 Dear Basketball
13%
Film Composer 2005 Memoirs of a Geisha
13%
Film Composer 2000 The Patriot
13%
Film Composer 1974 The Towering Inferno
13%
TV Show Composer 1985 Amazing Stories
9%
Film Composer 1989 Born on the Fourth of July
9%
Film Composer 1958 Daddy-O
9%
Film Composer 1974 Earthquake
9%
TV Show Composer 1965 Lost in Space
9%
Documentary Appearance 2010 Music
9%
Documentary Appearance 2024 Music by John Williams
9%
Film Composer 1995 Sabrina
9%
TV Documentary Appearance 1980 Star Wars: Music by John Williams
9%
Film Composer 2013 The Book Thief
9%
Film Composer 1972 The Poseidon Adventure
9%
Film Composer 1967 Valley of the Dolls
9%
Film Composer 1999 Angela's Ashes
6%
Film Composer 1973 Cinderella Liberty
6%
Film Composer 1963 Diamond Head
6%
Film Composer 1979 Dracula
6%
Film Composer 1992 Far and Away
6%
TV Show Composer 1964-1965 Gilligan's Island
6%
TV Film Composer 1968 Heidi
6%
Film Composer 1966 How to Steal a Million
6%
Film Composer 1972 Images
6%
Film Composer 1970 Jane Eyre
6%
Film Composer 1991 JFK
6%
Film Composer 1976 Midway
6%
TV Show Composer 1985-Present NBC Nightly News
6%
TV Show Composer 2006-Present NBC Sunday Night Football
6%
Film Composer 1995 Nixon
6%
Film Composer 1965 None but the Brave
6%
Film Composer 1966 Not with My Wife, You Don't!
6%
Web Mini-Series Composer 2022 Obi-Wan Kenobi
6%
Film Composer 1966 Penelope
6%
Film Composer 1997 Rosewood
6%
Film Composer 1997 Seven Years in Tibet
6%
Film Composer 1996 Sleepers
6%
TV Documentary Appearance 2017 Spielberg
6%
Film Composer 1998 Stepmom
6%
Film Composer 2006 Superman II: The Richard Donner Cut
6%
Film Composer 1978 The Fury
6%
Film Composer 1964 The Killers
6%
Film Composer 1973 The Long Goodbye
6%
Film Composer 1966 The Rare Breed
6%
Film Composer 1969 The Reivers
6%
TV Show Appearance 1986 The Tonight Show Starring Johnny Carson
6%
Film Composer 1987 The Witches of Eastwick
6%
Film Composer 1973 Tom Sawyer
6%
TV Special Appearance 2005 AFI Life Achievement Award: A Tribute to George Lucas
3%
TV Special Appearance 2000 AFI Life Achievement Award: A Tribute to Harrison Ford
3%
TV Special Appearance 2016 AFI Life Achievement Award: A Tribute to John Williams
3%
TV Special Appearance 1995 AFI Life Achievement Award: A Tribute to Steven Spielberg
3%
Film Composer 1967 A Guide for the Married Man
3%
TV Show Composer 1961-1963 Alcoa Premiere
3%
Short Documentary Composer 2008 A Timeless Call
3%
TV Show Composer 1959-1960 Bachelor Father
3%
Film Composer 1962 Bachelor Flat
3%
Film Composer 1960 Because They're Young
3%
TV Show Composer 1965 Ben Casey
3%
Film Composer 1977 Black Sunday
3%
TV Show Composer 1963-1967 Bob Hope Presents the Chrysler Theatre
3%
TV Show Composer 1964 Breaking Point
3%
TV Show Composer 1968 CBS Playhouse
3%
TV Show Composer 1960-1962 Checkmate
3%
Film Composer 1974 Conrack
3%
Film Composer 1969 Daddy's Gone A-Hunting
3%
TV Show Appearance 1980-2004 Evening at Pops
3%
TV Show Composer 1981-2005 Evening at Pops
3%
Film Composer 1976 Family Plot
3%
Film Composer 1967 Fitzwilly
3%
TV Show Composer 1960, 1962 General Electric Theater
3%
Film Composer 1959 Gidget
3%
Film Composer 1963 Gidget Goes to Rome
3%
Film Composer 1969 Goodbye, Mr. Chips
3%
TV Show Appearance 2002, 2012, 2021, 2024 Great Performances
3%
TV Show Composer 2009-Present Great Performances
3%
Film Composer 1981 Heartbeeps
3%
Film Composer 1960 I Passed for White
3%
Documentary Appearance 2025 Jaws @ 50: The Definitive Inside Story
3%
TV Show Composer 1966 Jericho
3%
Film Composer 1965 John Goldfarb, Please Come Home!
3%
Concert Film Appearance 2024 John Williams in Tokyo
3%
TV Show Composer 1961 Kraft Mystery Theatre
3%
TV Show Composer 1963-1965 Kraft Suspense Theatre
3%
TV Show Composer 1968 Land of the Giants
3%
TV Show Composer 1959 Markham
3%
TV Show Composer 1985-Present Meet the Press
3%
Film Composer 1982 Monsignor
3%
TV Show Composer 1958-1959 M Squad
3%
TV Film Composer 1964 Nightmare in Chicago
3%
Film Composer 1972 Pete 'n' Tillie
3%
TV Show Composer 1958 Playhouse 90
3%
TV Show Appearance 1958 Playhouse 90
3%
Film Composer 1990 Presumed Innocent
3%
TV Show Composer 1964 Redcap
3%
Film Composer 1968 Sergeant Ryker
3%
Film Composer 1986 SpaceCamp
3%
Film Composer 1990 Stanley & Iris
3%
Film Composer 1970 Story of a Woman
3%
Film Composer 1987 Superman IV: The Quest for Peace
3%
TV Show Composer 1960 Tales of Wells Fargo
3%
Film Composer 1988 The Accidental Tourist
3%
Film Composer 1972 The Cowboys
3%
Film Composer 1975 The Eiger Sanction
3%
TV Show Composer 1963 The Eleventh Hour
3%
Film Composer 1973 The Man Who Loved Cat Dancing
3%
Film Composer 1976 The Missouri Breaks
3%
Film Composer 1973 The Paper Chase
3%
Film Composer 1966 The Plainsman
3%
Film Composer 1984 The River
3%
TV Film Composer 1972 The Screaming Woman
3%
Film Composer 1961 The Secret Ways
3%
TV Show Composer 1966 The Tammy Grimes Show
3%
TV Show Composer 1966 The Time Tunnel
3%
Short Documentary Composer 1999 The Unfinished Journey
3%
TV Show Composer 1985-1990 Today
3%
TV Show Composer 1958-1964 Wagon Train
3%
TV Show Composer 1962-1963 Wide Country
3%
Film Composer 1982 Yes, Giorgio
3%
Short Film Composer 1954 You Are Welcome
3%
Documentary Series Appearance 2015 60 Minutes
0%
TV Special Appearance 2003, 2013 A Capitol Fourth
0%
TV Special Appearance 2002 A Centennial Toast to Symphony Hall
0%
Short Documentary Appearance 2011 A Conversation with the Masters: The Empire Strikes Back 30 Years Later
0%
Concert Film Appearance 2015 A John Williams Celebration
0%
TV Pilot Composer 1966 And Baby Makes Three
0%
TV Documentary Appearance 2020 A World Without Beethoven?
0%
TV Show Composer 1987-1988 Before Hours
0%
Documentary Series Appearance 1998 Biography
0%
Short Film Composer 1987 Citizen Steve
0%
TV Show Composer 1965 Convoy
0%
Documentary Appearance 2009 Creating the World of Harry Potter, Part 1: The Magic Begins
0%
Documentary Appearance 2010 Creating the World of Harry Potter, Part 4: Sound and Music
0%
Short Documentary Composer 2003 Declaration of Independence
0%
Documentary Appearance 2010 Deconstructing Dad: The Music, Machines and Mystery of Raymond Scott
0%
Short Documentary Composer 2022 Destination Hawai'i: O'ahu
0%
Web Special Appearance 2024 Disney Legends Awards Ceremony
0%
Documentary Appearance 2010 Dudamel: Let the Children Play
0%
TV Special Composer 2023 Eastwood Symphonic: Une affaire de Famille
0%
Documentary Appearance 2004 Empire of Dreams
0%
Documentary Appearance 2021 Ennio
0%
Documentary Series Appearance 2002 E! True Hollywood Story
0%
Documentary Appearance 2022 Fiddler's Journey to the Big Screen
0%
TV Special Appearance 1976, 1980 Filmharmonic
0%
TV Documentary Composer 2022 From Sea to Shining Sea
0%
TV Documentary Appearance 1983 From 'Star Wars' to 'Jedi': The Making of a Saga
0%
TV Pilot Composer 1967 Ghostbreakers
0%
TV Special Appearance 1963 Hast du heute gute Laune?
0%
Documentary Appearance 2022 If These Walls Could Sing
0%
TV Documentary Appearance 2009 Johnny Mercer: The Dream's on Me
0%
TV Show Appearance 1959 Johnny Staccato
0%
Short Documentary Appearance 2007 John Williams: Creating a Musical Tradition
0%
TV Special Appearance 1993 John Williams - Live at the Hollywood Bowl
0%
Concert Film Appearance 2020 John Williams: Live in Vienna
0%
Concert Film Appearance 2022 John Williams: The Berlin Concert
0%
Short Documentary Appearance 2001 John Williams: The Music of 'Jaws 2'
0%
Short Documentary Appearance 2016 John Williams: The Seventh Symphony
0%
Documentary Mini-Series Appearance 2025 Kobe: The Making of a Legend
0%
TV Show Composer 2013-2014 LEGO Star Wars: The Yoda Chronicles
0%
TV Special Appearance 1986 Liberty Weekend
0%
TV Show Appearance 2006 Live from Lincoln Center
0%
Short Documentary Appearance 2001 Making 'Superman': Filming the Legend
0%
Short Documentary Appearance 2016 Montage: Great Film Composers and the Piano
0%
TV Special Appearance 2007 Movies Rock
0%
Film Composer 1957 My Gun Is Quick
0%
Documentary Appearance 2008 No Subtitles Necessary: Laszlo & Vilmos
0%
TV Special Appearance 1992 Pavarotti & Friends
0%
Short Film Composer 1966 Planet of the Apes Test Reel
0%
Play Composer 2018 Rocktopia
0%
Short Documentary Appearance 2004 'Saving Private Ryan': Music and Sound
0%
Documentary Appearance 2016 Score
0%
TV Special Appearance 1988 Season's Greetings: An Evening with John Williams and the Boston Pops Orchestra
0%
Documentary Appearance 2016 Secrets of the Force Awakens: A Cinematic Journey
0%
Film Composer 1962 Stark Fear
0%
Video Game Composer 1999 Star Wars: Anakin's Speedway
0%
TV Documentary Appearance 1997 Star Wars: The Magic & the Mystery
0%
Video Game Composer 1999 Star Wars: Yoda's Challenge - Activity Center
0%
TV Special Appearance 1989 Steven Spielberg: An American Cinematheque Tribute
0%
Short Documentary Appearance 2017 Steven Spielberg & John Williams: The Adventure Continues
0%
Short Documentary Appearance 2001 Taking Flight: The Development of 'Superman'
0%
Short Documentary Appearance 2001 The Beginning: Making 'Episode I'
0%
Documentary Appearance 2009 The Boys
0%
TV Documentary Appearance 2023 The Fabelmans: A Family in Film
0%
Film Composer 1979 The Fearless Hyena
0%
Film Composer 1961 The Guns of Navarone
0%
Short Film Composer 1965 The Katherine Reed Story
0%
TV Special Appearance 1984, 2004, 2015 The Kennedy Center Honors: A Celebration of the Performing Arts
0%
TV Show Composer 1966 The Kraft Music Hall
0%
Documentary Appearance 1996 The Making of '1941'
0%
Documentary Appearance 1996 The Making of 'E.T. the Extra-Terrestrial'
0%
Short Documentary Appearance 2006 The Making of 'Home Alone'
0%
Documentary Appearance 1995 The Making of 'Jaws'
0%
Documentary Appearance 2003 The Music of 'Indiana Jones'
0%
Short Documentary Appearance 2004 The Revamping of Dracula
0%
TV Special Appearance 1989 The Secret Policeman's Biggest Ball
0%
Documentary Appearance 2007 The Shark Is Still Working: The Impact & Legacy of 'Jaws'
0%
TV Special Appearance 1978 The Stars Salute Israel at 30
0%
Documentary Series Appearance 1997, 2003 This Is Your Life
0%
Play Composer 1975 Thomas and the King
0%
Documentary Appearance 2023 Timeless Heroes: Indiana Jones and Harrison Ford
0%
Short Film Composer 2007 Unsound
0%
TV Show Appearance 1966 Variedades
0%
Documentary Series Composer 1964-1965 Wayne and Shuster Take an Affectionate Look at...
0%
TV Pilot Composer 1965 Who Goes There?
0%
Documentary Appearance 2005 Within a Minute: The Making of 'Episode III'
0%
TV Special Appearance 2002 XIX Winter Olympics Opening Ceremony
0%
Documentary Appearance 2006 You Will Believe: The Cinematic Saga of Superman
0%
No matching quizzes found
Score Distribution
Percent of People with Each Score
Percentile by Number Answered
Your Score History
You have not taken this quiz